| 000 | 00488nam a2200181Ia 4500 | ||
|---|---|---|---|
| 008 | 240925s9999 xx 000 0 und d | ||
| 020 | _a9788131533093 | ||
| 082 | _a174.4 FER | ||
| 100 | _aFerrell, O. C. | ||
| 245 | 0 | _aBusiness Ethics: ethical decision making and cases | |
| 250 | _a9th | ||
| 260 |
_aNew Delhi: _bCengage Learning _c,2013. |
||
| 300 |
_a487p. _b0 _fOriginal |
||
| 500 | _aIncludes Index | ||
| 600 | _aHumanities & Natural Science | ||
| 650 | _aEthics | ||
| 942 | _cBK | ||
| 999 |
_c14842 _d14842 |
||